| 000 -LEADER |
| fixed length control field |
00623nam a22002297a 4500 |
| 008 - FIXED-LENGTH DATA ELEMENTS--GENERAL INFORMATION |
| fixed length control field |
131007b xxu||||| |||| 00| 0 ger d |
| 020 ## - INTERNATIONAL STANDARD BOOK NUMBER |
| International Standard Book Number |
3826614135 |
| 041 0# - LANGUAGE CODE |
| Language code of text/sound track or separate title |
ger |
| 080 ## - UNIVERSAL DECIMAL CLASSIFICATION NUMBER |
| Universal Decimal Classification number |
004.3'12 |
| 100 1# - Rafti |
| Rafti |
Hamann, Sabine |
| 245 10 - TITLE STATEMENT |
| Title |
Logodesign |
| 246 ## - VARYING FORM OF TITLE |
| Remainder of title |
Grundlagen der digitalen Gestaltung von Logos |
| 246 ## - VARYING FORM OF TITLE |
| Remainder of title |
Analysie von Logoarten und Markentypen |
| 246 ## - VARYING FORM OF TITLE |
| Remainder of title |
Markenbildung und Corporate Identity |
| 250 ## - |
| -- |
1. Botimi |
| 260 ## - |
| -- |
Germany |
| -- |
mitp-Verlag/Bonn |
| -- |
2004 |
| 300 ## - |
| -- |
400 f. |
| -- |
illustr. |
| -- |
24 com |
| 500 ## - |
| -- |
Parathenie XI. |
| 650 #0 - |
| -- |
Kompjutera |
| 650 #0 - |
| -- |
Dizenjo |
| 942 ## - ADDED ENTRY ELEMENTS (KOHA) |
| Source of classification or shelving scheme |
|
| Item type |
Books |